000 00687nam a2200253Ia 4500
003 OSt
005 20221002051532.0
006 a|||||r|||| 00| 0
007 ta
008 220930b |||||||| |||| 00| 0 hin d
024 _a30129
037 _cReference Collections
040 _aCRL
_cCRL
_bhin
041 _2hin
_ahin
082 _aLBx3,1, 152N3 ( RR)
100 _aVagbhata
245 0 _aAstanga hrdayam Ed by Atrideva Gupta
250 _a11th
260 _aVaranasi
_bChaukhamba Sanskrit Sansthan
_c1993
300 _a614p
_ccm.
650 _aMEDICINE
942 _hLBx3,1, 152N3 ( RR)
_cref
_2CC
999 _c917116
_d917116